000 00536pab a2200157 454500
008 180718b2008 xxu||||| |||| 00| 0 eng d
100 _aCox, Helmut
245 _aPublic enterprises and service providers in institutional competition and undergoing structural change: new challenges to the theory of public economics and public services in Germany
260 _c2008
300 _ap.527-47.
362 _aSep-Dec
650 _aMarket economy
773 _aAnnals of Public and Cooperative Economics
908 _aN
909 _a79593
999 _c79593
_d79593